000 00808nam a2200265Ia 4500
001 21847
005 20260320113318.0
008 260320s9999||||xx |||||||||||||| ||und||
020 _a9786123226305
041 _aESP
082 _a657
_bA93
100 _aAyala Zavala, Pascual,
_eAUT
245 0 _aNIC 1 vs. NIIF 18 :
_bcasos prácticos
246 _a
_5
_b
250 _aPrimera edición
260 _aLima :
_bInstituto Pacífico,
_c2025
300 _a542 páginas :
_bcuadros ;
_c25 cm.
_e
440 _a
_n
_v
650 _aTCA
653 _aContabilidad; NIIF - NIC - Casos prácticos - Contabilidad
654 _aCCO
700 _a
_c
856 _uhttps://login.ucsp.lookproxy.com/login?url=https://ebooks7-24.com/?aeds=1
_zVéase además: Base de datos Ebook7-24
942 _cLIB
_dJUS
_fTRC
_2ddc
_n
999 _c21847
_d21847